Proceedings of the aquaculture feed processing and nutrition workshop : Thailand and Indonesia September 19-25, 1991

Enregistré dans:
Détails bibliographiques
Format: Livre
Langue:Undetermined
Publié: Singapore American Soybean Association 1991
Sujets:
Tags: Ajouter un tag
Pas de tags, Soyez le premier à ajouter un tag!
Thư viện lưu trữ: Trung tâm Học liệu Trường Đại học Cần Thơ
LEADER 00579nam a2200181Ia 4500
001 CTU_160567
008 210402s9999 xx 000 0 und d
082 |a 639.3 
082 |b P963 
245 0 |a Proceedings of the aquaculture feed processing and nutrition workshop : 
245 0 |b Thailand and Indonesia September 19-25, 1991 
245 0 |c Edited by Dean M. Akiyama, Ronnie K. H. Tan 
260 |a Singapore 
260 |b American Soybean Association 
260 |c 1991 
650 |a Aquaculture 
904 |i Giang 
980 |a Trung tâm Học liệu Trường Đại học Cần Thơ